000 00649nam a2200217Ii 4500
003 JO-AjNU
008 230606s9999||||xx |||||||||||||| ||und||
020 _a0-521-31038-5
040 _aJO-AjNU
_beng
_erda
_cJO-AjNU
041 _aeng
050 1 4 _aP98.G75 1994
100 3 _aGrishman,Ralph تأليف,
_eauthor
_92338
245 0 0 _aComputational Linguistics:An Introduction
250 _a5 ed
264 3 1 _aNew York:Syndicte Of The University of Cambridge,1994
300 _a193p
336 _atext
_btxt
_2rdacontent
337 _aunmediated
_bn
_2rdamedia
338 _avolume
_bnc
_2rdacarrier
650 4 _aComputational Linguistics
_92339
999 _aE1227
_c1227
_d1227